[Event "Syre Memorial op 33th"]
[Site "Issy les Moulineaux"]
[Date "2010.05.15"]
[Round "3"]
[White "Karim, Ismael"]
[Black "Jouhaud, Pierre Alexandre"]
[Result "1-0"]
[WhiteElo "2410"]
[BlackElo "1896"]
[PlyCount "41"]
[EventDate "2010.05.13"]
[EventType "swiss"]
[EventRounds "6"]
[EventCountry "FRA"]
[SourceTitle "EXT 2011"]
[Source "ChessBase"]
[SourceDate "2010.11.26"]
[SourceVersion "1"]
[SourceVersionDate "2010.11.26"]
[SourceQuality "1"]

1. d4 Nf6 2. Nf3 d6 3. c4 Bg4 4. Nc3 e6 5. Qb3 Qc8 6. g3 Bxf3 7. exf3 Be7 8. Bh3 c6 9. d5 Na6 10. dxe6 fxe6 11. 0-0 Nc5 12. Qc2 0-0 13. Re1 Qe8 14. b4 Qh5 15. Bg4 Nxg4 16. fxg4 Qxg4 17. bxc5 d5 18. cxd5 cxd5 19. Nxd5 Bf6 20. Nxf6+ Rxf6 21. Qe4 1-0

[Event "Syre Memorial op 33th"]
[Site "Issy les Moulineaux"]
[Date "2010.05.14"]
[Round "2"]
[White "Jouhaud, Pierre Alexandre"]
[Black "Hoarau, Julien"]
[Result "1-0"]
[WhiteElo "1896"]
[BlackElo "2080"]
[PlyCount "67"]
[EventDate "2010.05.13"]
[EventType "swiss"]
[EventRounds "6"]
[EventCountry "FRA"]
[SourceTitle "EXT 2011"]
[Source "ChessBase"]
[SourceDate "2010.11.26"]
[SourceVersion "1"]
[SourceVersionDate "2010.11.26"]
[SourceQuality "1"]

1. d4 f5 2. Bg5 g6 3. e3 Bg7 4. Nc3 Nf6 5. Bc4 e6 6. d5 0-0 7. Nge2 Kh8 8. h4 Qe8 9. dxe6 dxe6 10. Nf4 e5 11. Bxf6 Bxf6 12. Nfd5 Qc6 13. Bb5 Qd6 14. Nxf6 Qxf6 15. Qe2 a6 16. Bc4 b5 17. Bb3 Bb7 18. 0-0-0 c5 19. Bd5 Nc6 20. g4 Rad8 21. g5 Qg7 22. h5 Nd4 23. exd4 Bxd5 24. Nxd5 Rxd5 25. hxg6 Qxg6 26. Rdg1 cxd4 27. Rh6 Qg7 28. Qh5 Qc7 29. g6 Rd7 30. Rh1 Kg8 31. Qg5 d3 32. c3 d2+ 33. Kd1 Qc6 34. gxh7+ 1-0